书目信息 |
| 题名: |
燃气冷热电三联供工程技术规程
|
|
| 作者: | ;中华人民共和国住房和城乡建设部 发布 | |
| 分册: | ||
| 出版信息: | 北京 中国建筑工业出版社 2010.12 |
|
| 页数: | 70页 | |
| 开本: | 20cm | |
| 丛书名: | 中华人民共和国行业标准 | |
| 单 册: | ||
| 中图分类: | T-652.6 , TU996-65 | |
| 科图分类: | ||
| 主题词: | 燃气--hun ning tu--技术规程--行业标准--中国--2010 , 城市--煤气--供应 , 预制预应力混凝土--技术规程 | |
| 电子资源: | ||
| ISBN: | ||
| 000 | 01641nam 2200337 450 | |
| 001 | 1234827218 | |
| 005 | 20161213082700.90 | |
| 010 | @dCNY13.00 | |
| 091 | @a15112·17950@dCNY13.00 | |
| 094 | @aCN@bCJJ 145-2010 | |
| 100 | @a20111007d2010 ekmy0chiy50 ea | |
| 101 | 0 | @achi |
| 102 | @aCN@b110000 | |
| 105 | @aa z 000yy | |
| 200 | 1 | @a燃气冷热电三联供工程技术规程@Aran qi leng re dian san lian gong gong cheng ji shu gui cheng@d=Technical specification for gas-fired combined cooling, heating and power engineering@e备案号 J1085-2010@f中华人民共和国住房和城乡建设部发布@Fzhong hua ren min gong he guo zhu fang he cheng xiang jian she bu fa bu@zeng |
| 210 | @a北京@c中国建筑工业出版社@d2010.12 | |
| 215 | @a70页@d20cm | |
| 225 | 2 | @a中华人民共和国行业标准@Azhong hua ren min gong he guo hang ye biao zhun |
| 300 | @a本标准由中华人民共和国住房和城乡建设部于2010-08-18发布, 2011-03-01实施。 | |
| 330 | @a本规程内容包括:总则、术语、系统配置、能源站、燃气系统及设备、供配电系统及设备、余热利用系统及设备、监控系统、施工与验收、运行管理等。 | |
| 410 | 0 | @12001 @a中华人民共和国行业标准 |
| 510 | 1 | @aTechnical specification for gas-fired combined cooling, heating and power engineering@zeng |
| 517 | 1 | @a备案号 J1085-2010@Abei an hao J1085-2010 |
| 606 | 0 | @a燃气@Ahun ning tu@x技术规程@x行业标准@y中国@z2010 |
| 606 | 0 | @a城市@x煤气@x供应 |
| 606 | 0 | @a预制预应力混凝土@x技术规程 |
| 690 | @aT-652.6@v5 | |
| 690 | @aTU996-65@v4 | |
| 711 | 02 | @a中华人民共和国住房和城乡建设部@Azhong hua ren min gong he guo zhu fang he cheng xiang jian she bu@4发布 |
| 801 | 0 | @aCN@c20110610 |
| 905 | @b1016153-5@dTU996-65@eZ9115@f3 | |
| 燃气冷热电三联供工程技术规程=Technical specification for gas-fired combined cooling, heating and power engineering:备案号 J1085-2010/中华人民共和国住房和城乡建设部发布.-北京:中国建筑工业出版社,2010.12 |
| 70页;20cm.-(中华人民共和国行业标准) |
| 本标准由中华人民共和国住房和城乡建设部于2010-08-18发布, 2011-03-01实施。 |
| ISBN :CNY13.00 |
| 本规程内容包括:总则、术语、系统配置、能源站、燃气系统及设备、供配电系统及设备、余热利用系统及设备、监控系统、施工与验收、运行管理等。 |
| ● |
| 相关链接 |
|
|
|
正题名:燃气冷热电三联供工程技术规程
索取号:TU996-65/Z9115
 
预约/预借
| 序号 | 登录号 | 条形码 | 馆藏地/架位号 | 状态 | 备注 |
| 1 | 1016153 | 210161536 | 建筑库201/201建筑库 137排1列5层/ [索取号:T-652.6/Z919] | 在馆 | |
| 2 | 1016154 | 210161545 | 建筑库201/201建筑库 138排1列6层/ [索取号:T-652.6/Z919] | 在馆 | |
| 3 | 1016155 | 210161554 | 建筑库201/201建筑库 137排1列5层/ [索取号:T-652.6/Z919] | 在馆 |